| 000 | 00804nam a2200241 a 4500 | ||
|---|---|---|---|
| 001 | 35677 | ||
| 003 | BD-RjUL | ||
| 005 | 20211209052348.0 | ||
| 008 | 170125s1975 ne b 001 0 eng d | ||
| 020 | _a0444412794 | ||
| 035 | _a(BD-RjUL)35772 | ||
| 040 |
_aDLC _cDLC _dDLC _dBD-RjUL _beng |
||
| 041 | _aeng | ||
| 082 | 0 | 0 |
_a309.072 _bDES 1975 _223 |
| 100 | 1 |
_aDe Neufville, Judith Innes _9186540 |
|
| 245 | 1 | 0 |
_aSocial indicators and public policy : _binteractive processes of design and application / _cJudith Innes De Neufville. |
| 260 |
_aAmsterdam ; _aNew York : _bElsevier Scientific Pub. Co., _cc1975. |
||
| 300 |
_axii, 311 p. ; _c24 cm. |
||
| 504 | _aBibliography: p. 248-267 & Includes indexes. | ||
| 650 | 0 |
_aSocial indicators. _9108613 |
|
| 650 | 0 |
_aSocial policy. _9108614 |
|
| 942 |
_2ddc _cBK |
||
| 999 |
_c35677 _d35677 |
||